[Event "Unterfranken-ch HA 43th"]
[Site "Sailauf"]
[Date "1992.??.??"]
[Round "1"]
[White "Gold, Stefan"]
[Black "Kraemer, Rudolf"]
[Result "1-0"]
[WhiteElo "1450"]
[BlackElo "1498"]
[PlyCount "121"]
[EventDate "1992.04.20"]
[EventType "swiss"]
[EventRounds "9"]
[EventCountry "GER"]
[SourceTitle "EXT 2015"]
[Source "ChessBase"]
[SourceDate "2014.11.20"]
[SourceVersion "1"]
[SourceVersionDate "2014.11.20"]
[SourceQuality "1"]

1. e4 e5 2. Nf3 Nc6 3. Bb5 d6 4. d4 Bd7 5. d5 Nb8 6. Be2 h6 7. Nc3 Nf6 8. 0-0 Be7 9. Be3 c6 10. Bc4 b5 11. Bb3 b4 12. dxc6 Bxc6 13. Nd5 Nxe4 14. Nxb4 Bb7 15. Bd5 Qc7 16. Qd3 Nf6 17. Qb5+ Nbd7 18. c3 Bxd5 19. Nxd5 Nxd5 20. Qxd5 0-0 21. Qd2 f5 22. g3 e4 23. Qd5+ Kh8 24. Nd4 Ne5 25. Ne6 Qd7 26. Nxf8 Rxf8 27. f3 Nxf3+ 28. Rxf3 exf3 29. Qxf3 Bf6 30. Rf1 Be5 31. Qf2 a6 32. Bf4 Qe6 33. a3 g5 34. Be3 f4 35. gxf4 gxf4 36. Bd4 Rg8+ 37. Kh1 Qd5+ 38. Qf3 Qxf3+ 39. Rxf3 h5 40. b4 Kh7 41. Rf2 Rg4 42. Rf3 Kg6 43. h3 Rg5 44. Rf1 h4 45. Rg1 Rg3 46. Rxg3+ hxg3 47. Kg2 f3+ 48. Kxf3 Kf5 49. Bxe5 dxe5 50. Kxg3 Ke4 51. Kf2 Kd3 52. Ke1 Kxc3 53. h4 Kb3 54. h5 Kxa3 55. h6 Kxb4 56. h7 a5 57. h8Q a4 58. Qxe5 Kb3 59. Qa1 a3 60. Kd2 Kb4 61. Kd3 1-0